The Mentor Leader / (Record no. 17406)
[ view plain ]
| 000 -LEADER | |
|---|---|
| fixed length control field | 01188cam a2200241 a 4500 |
| 001 - CONTROL NUMBER | |
| control field | 16245523 |
| 005 - DATE AND TIME OF LATEST TRANSACTION | |
| control field | 20130327133312.0 |
| 008 - FIXED-LENGTH DATA ELEMENTS--GENERAL INFORMATION | |
| fixed length control field | 100521s2010 ilu 000 0 eng |
| 010 ## - LIBRARY OF CONGRESS CONTROL NUMBER | |
| LC control number | 2010020832 |
| 020 ## - INTERNATIONAL STANDARD BOOK NUMBER | |
| International Standard Book Number | 9781414338040 (hc) |
| 082 00 - DEWEY DECIMAL CLASSIFICATION NUMBER | |
| Classification number | 158.4 |
| Edition number | 22 |
| Item number | DUN |
| 100 1# - MAIN ENTRY--PERSONAL NAME | |
| Personal name | Dungy, Tony. |
| 9 (RLIN) | 32987 |
| 245 14 - TITLE STATEMENT | |
| Title | The Mentor Leader / |
| Statement of responsibility, etc | Tony Dungy with Nathan Whitaker. |
| 260 ## - PUBLICATION, DISTRIBUTION, ETC. (IMPRINT) | |
| Place of publication, distribution, etc | Carol Stream, Ill. : |
| Name of publisher, distributor, etc | Tyndale House Publishers, |
| Date of publication, distribution, etc | c2010. |
| 300 ## - PHYSICAL DESCRIPTION | |
| Extent | xviii, 230 p. ; |
| Dimensions | 24 cm. |
| 505 0# - FORMATTED CONTENTS NOTE | |
| Formatted contents note | A different way to lead -- The mind-set of a mentor leader -- The maturity of a mentor leader -- The marks of a mentor leader -- The mandate of a mentor leader -- The model of a mentor leader : living the message -- The means of a mentor leader : maximizing team performance -- The methods of a mentor leader : the seven E's of maximizing potential -- The measure of a mentor leader : a life of significance -- Q&A with Tony Dungy. |
| 650 #0 - SUBJECT ADDED ENTRY--TOPICAL TERM | |
| Topical term or geographic name as entry element | Leadership |
| General subdivision | Religious aspects |
| -- | Christianity. |
| 9 (RLIN) | 32988 |
| 650 #0 - SUBJECT ADDED ENTRY--TOPICAL TERM | |
| Topical term or geographic name as entry element | Mentoring |
| General subdivision | Religious aspects |
| -- | Christianity. |
| 9 (RLIN) | 32989 |
| 650 #0 - SUBJECT ADDED ENTRY--TOPICAL TERM | |
| Topical term or geographic name as entry element | Leadership. |
| 9 (RLIN) | 32990 |
| 650 #0 - SUBJECT ADDED ENTRY--TOPICAL TERM | |
| Topical term or geographic name as entry element | Mentoring. |
| 9 (RLIN) | 32991 |
| 700 1# - ADDED ENTRY--PERSONAL NAME | |
| Personal name | Whitaker, Nathan. |
| 9 (RLIN) | 32992 |
| 942 ## - ADDED ENTRY ELEMENTS (KOHA) | |
| Source of classification or shelving scheme | Dewey Decimal Classification |
| Item type | Book - Borrowing |
| Withdrawn status | Item status | Source of classification or shelving scheme | Damaged status | Not for loan | Vendor | Home library | Current library | Shelving location | Date acquired | Source of acquisition | Cost, normal purchase price | Total Checkouts | Total Renewals | Full call number | Barcode | Date last seen | Date last borrowed | Cost, replacement price | Koha item type |
|---|---|---|---|---|---|---|---|---|---|---|---|---|---|---|---|---|---|---|---|
| Dewey Decimal Classification | سور الازبكية | Central Library | Central Library | Lower Floor | 27/03/2013 | 25.00 | 6 | 29 | 158.4 DUN | 000028637 | 15/07/2025 | 14/04/2021 | 32.00 | Book - Borrowing |